00338nam a2200121Ia 4500008004100000041000800041082001700049100002000066245004500086260004800131300002400179365001300203240624s9999 xx 000 0 und d aeng a658.4012 KRO aKROGERUS MIKAEL aDECISION BOOK FIFTY MODELS FOR STRATEGIC c2011aNew DelhibViva Books Private Limited a173 : p. : cm. ; 20 cRSb33.5